Rasāʼil al-Ṣāhib bin ʻAbbād /

محفوظ في:

المؤلف الرئيسي: Ṣāḥib al-Ṭālqānī, Abū al-Qāsim Ismāʻīl ibn ʻAbbād,‏ 936-995 (مؤلف)

مؤلفون آخرون: ʿAzzām, ʿAbd al-Wahhāb., Ḍayf, Shawqī.

التنسيق: كتاب

اللغة: Arabic

منشور في: [Cairo] : Dār al-Fikr al-ʻArabī, [1946 or 7].

الموضوعات:

الوسوم: إضافة وسم

لا توجد وسوم, كن أول من يضع وسما على هذه التسجيلة!

رقم الطلب: PJ7750 .S26 Z53 1946

LEADER 01199nam a2200241Ia 4500
003 OSt
005 20231116095313.0
008 130303s1946 ua 000 0 ara d
952 |0 0  |1 0  |2 lcc  |4 0  |6 PJ7750 S26 Z53 01946  |7 1  |9 56293  |a ARCE  |b ARCE  |d 2023-11-16  |l 0  |o PJ7750 .S26 Z53 1946  |p 1031948  |r 2023-11-16 00:00:00  |w 2023-11-16  |y BK 
999 |c 26935  |d 26935 
040 |c ARCE Library 
050 4 |a PJ7750 .S26 Z53 1946 
100 1 |6 880-01  |a Ṣāḥib al-Ṭālqānī, Abū al-Qāsim Ismāʻīl ibn ʻAbbād,‏  |d 936-995,  |e author 
245 1 0 |6 880-02  |a Rasāʼil al-Ṣāhib bin ʻAbbād /   |c Ṣaḥḥaḥahā wa-qaddama lahā ʻAbd al-Wahhāb ʻAzzām wa-Shawqī Ḍayf. 
264 1 |a [Cairo] :  |b Dār al-Fikr al-ʻArabī,   |c [1946 or 7]. 
300 |a 260 pages ;   |c 24 cm. 
650 0 |a Arabic letters  |y 750-1258. 
700 1 |a ʿAzzām, ʿAbd al-Wahhāb. 
700 1 |a Ḍayf, Shawqī.  |9 28763 
880 1 |6 100-01/(3/r  |a صاحب الطالقاني, أبو القاسم إسماعيل بن عباد  |d 936-995. 
880 1 0 |6 245-02/(3/r  |a رسائل الصاحب بن عباد   |c صححها و قدم لها عبد الوهاب عزام، شوقي ضيف.‪‪‪‪‪‪‪‪ 
901 |a reviewed 
942 |c BK  |2 lcc